Tabulky z konstrukce nástrojů : Soubor konštrukčních podkladu ke studiu a prax /

Na minha lista:
Detalhes bibliográficos
Autor principal: Roček, Vladimír (Author)
Formato: Livro
Idioma:tcheco
Publicado em: Praha : Práce, 1963
Assuntos:
Tags: Adicionar Tag
Sem tags, seja o primeiro a adicionar uma tag!

MARC

LEADER 00000nam a22000003a 4500
001 stu41399
005 20150617225719.2
008 931123s1963----cs------------------cze-d
040 |a STU  |b slo 
041 0 |a cze 
044 |a cs 
080 |a 621.9.02 
100 1 |a Roček, Vladimír  |4 aut 
245 1 |a Tabulky z konstrukce nástrojů :  |b Soubor konštrukčních podkladu ke studiu a prax /  |c [aut.]Vladimír Roček 
260 |a Praha :  |b Práce,  |c 1963 
300 |a 143 s 
650 7 |a nástroje rezné  |2 stusub 
996 |b 284M016103  |c M*3915-1  |l MMKN  |s A  |a 24  |w stu41399_0001